书目信息 |
| 题名: |
建设工程监理案例分析(土木建筑工程)历年真题+考点解读+专家指导
|
|
| 作者: | ;全国监理工程师职业资格考试辅导用书编写委员会 组织编写 | |
| 分册: | ||
| 出版信息: | 北京 中国建筑工业出版社 2020.7 |
|
| 页数: | 183页 | |
| 开本: | 26cm | |
| 丛书名: | ||
| 单 册: | ||
| 中图分类: | TU712.2 | |
| 科图分类: | ||
| 主题词: | 建筑工程--监理工作--案例--资格考试--自学参考资料 | |
| 电子资源: | ||
| ISBN: | 978-7-112-25060-8 | |
| 000 | 01149nam0 2200241 45 | |
| 001 | 012001000391 | |
| 005 | 20140911135947.0 | |
| 010 | @a978-7-112-25060-8@dCNY38.00 | |
| 100 | @a20200806d2020 em y0chiy50 ea | |
| 101 | 0 | @achi |
| 102 | @aCN@b110000 | |
| 105 | @aak z 000yy | |
| 106 | @ar | |
| 200 | 1 | @a建设工程监理案例分析(土木建筑工程)历年真题+考点解读+专家指导@Ajian she gong cheng jian li an li fen xi(tu mu jian zhu gong cheng)li nian zhen ti+kao dian jie du+zhuan jia zhi dao@b专著@f全国监理工程师职业资格考试辅导用书编写委员会组织编写 |
| 210 | @a北京@c中国建筑工业出版社@d2020.7 | |
| 215 | @a183页@c图@d26cm | |
| 300 | @a全国监理工程师职业资格考试辅导用书 | |
| 330 | @a本书共六章,内容包括:建设工程监理理论、建设工程合同管理、建设工程质量控制、建设工程投资控制、建设工程进度控制、建设工程相关法规及示范文本。 | |
| 606 | 0 | @a建筑工程@x监理工作@x案例@x资格考试@j自学参考资料 |
| 690 | @aTU712.2@v5 | |
| 711 | 02 | @a全国监理工程师职业资格考试辅导用书编写委员会@Aquan guo jian li gong cheng shi zhi ye zi ge kao shi fu dao yong shu bian xie wei yuan hui@4组织编写 |
| 801 | 0 | @aCN@bBJSDL@c20211011 |
| 905 | @b1331380-3@dTU712.2@e1842@f4 | |
| 建设工程监理案例分析(土木建筑工程)历年真题+考点解读+专家指导/全国监理工程师职业资格考试辅导用书编写委员会组织编写.-北京:中国建筑工业出版社,2020.7 |
| 183页:图;26cm |
| 全国监理工程师职业资格考试辅导用书 |
| ISBN 978-7-112-25060-8:CNY38.00 |
| 本书共六章,内容包括:建设工程监理理论、建设工程合同管理、建设工程质量控制、建设工程投资控制、建设工程进度控制、建设工程相关法规及示范文本。 |
| ● |
| 相关链接 |
|
|
|
|
正题名:建设工程监理案例分析(土木建筑工程)历年真题+考点解读+专家指导
索取号:TU712.2/1842
 
预约/预借
| 序号 | 登录号 | 条形码 | 馆藏地/架位号 | 状态 | 备注 |
| 1 | 1331380 | 213313804 | 第二样本阅览室/ [索取号:TU712.2/1842] | 在馆 | |
| 2 | 1331381 | 213313813 | 第三借阅区/ [索取号:TU712.2/1842] | 在馆 | |
| 3 | 1331382 | 213313822 | 第三借阅区/ [索取号:TU712.2/1842] | 在馆 | |
| 4 | 1331383 | 213313831 | 第三借阅区/ [索取号:TU712.2/1842] | 在馆 |